Manual de historia económica de El Salvador
Gardado en:
| Autor Principal: | |
|---|---|
| Formato: | Texto |
| Publicado: |
San Salvador:
Editorial Universitaria de El Salvador
|
| Etiquetas: |
Engadir etiqueta
Sen Etiquetas, Sexa o primeiro en etiquetar este rexistro!
|
MARC
| LEADER | 00000 a a2200000 04500 | ||
|---|---|---|---|
| 001 | 15929 | ||
| 003 | |||
| 040 | |||
| 090 | |a 016300 | ||
| 100 | |a Luna Desola, David Alejandro | ||
| 245 | |a Manual de historia económica de El Salvador | ||
| 260 | |a San Salvador: |b Editorial Universitaria de El Salvador | ||
| 300 | |a 239 p. | ||
| 999 | |c 12990 |d 12990 | ||
